The Arab influence in medieval Europe : (Record no. 9350)

MARC details
000 -LEADER
fixed length control field 01363nac a22003611i 4500
003 - CONTROL NUMBER IDENTIFIER
control field EG-ScBUE
005 - DATE AND TIME OF LATEST TRANSACTION
control field 20240310115424.0
008 - FIXED-LENGTH DATA ELEMENTS--GENERAL INFORMATION
fixed length control field 240310r19961994enkab f b 001 0 eng d
020 ## - INTERNATIONAL STANDARD BOOK NUMBER
International Standard Book Number 9780863722134
020 ## - INTERNATIONAL STANDARD BOOK NUMBER
International Standard Book Number 086372213X
035 ## - SYSTEM CONTROL NUMBER
System control number (OCoLC)30569341
040 ## - CATALOGING SOURCE
Original cataloging agency EG-ScBUE
Language of cataloging eng
Description conventions rda
Transcribing agency EG-ScBUE
Modifying agency EG-ScBUE
043 ## - GEOGRAPHIC AREA CODE
Geographic area code e------
082 04 - DEWEY DECIMAL CLASSIFICATION NUMBER
Classification number 940.1
Item number ARA
Edition number 22
245 04 - TITLE STATEMENT
Title The Arab influence in medieval Europe :
Remainder of title folia scholastica mediterranea /
Statement of responsibility, etc edited by Dionisius A. Agius and Richard Hitchcock.
250 ## - EDITION STATEMENT
Edition statement First edition.
250 ## - EDITION STATEMENT
Edition statement Reprint edition.
264 #1 - PUBLICATION, DISTRIBUTION, ETC. (IMPRINT)
Place of publication, distribution, etc Reading, UK :
Name of publisher, distributor, etc Ithaca Press,
Date of publication, distribution, etc 1996.
300 ## - PHYSICAL DESCRIPTION
Extent xi, 181 pages :
Other physical details illustrations, maps ;
Dimensions 25 cm.
336 ## - CONTENT TYPE
Source rdacontent
Content type term text
Content type code txt
337 ## - MEDIA TYPE
Media type term unmediated
Source rdamedia
Media type code n
338 ## - CARRIER TYPE
Carrier type term volume
Carrier type code nc
Source rdacarrier
490 0# - SERIES STATEMENT
Series statement Middle East cultures series ;
Volume number/sequential designation v. 18
500 ## - GENERAL NOTE
General note Based on papers presented at an Al-Masaq conference held at the University of Oxford, Apr. 6-8, 1990.
504 ## - BIBLIOGRAPHY, ETC. NOTE
Bibliography, etc Includes bibliographical references and index.
650 #7 - SUBJECT ADDED ENTRY--TOPICAL TERM
Topical term or geographic name as entry element Civilization, Medieval
General subdivision Congresses.
Source of heading or term BUEsh
650 #7 - SUBJECT ADDED ENTRY--TOPICAL TERM
Topical term or geographic name as entry element Civilization, Islamic
General subdivision Congresses.
Source of heading or term BUEsh
651 #7 - SUBJECT ADDED ENTRY--GEOGRAPHIC NAME
Geographic name Europe
General subdivision Civilization
-- Arab influences
-- Congresses.
Source of heading or term BUEsh
655 ## - INDEX TERM--GENRE/FORM
Form subdivision Reading book
700 1# - ADDED ENTRY--PERSONAL NAME
Personal name Agius, Dionisius A.,
Relator term editor.
700 1# - ADDED ENTRY--PERSONAL NAME
Personal name Hitchcock, Richard,
Relator term editor.
942 ## - ADDED ENTRY ELEMENTS (KOHA)
Koha item type Book - Borrowing
Source of classification or shelving scheme Dewey Decimal Classification
Holdings
Withdrawn status Lost status Source of classification or shelving scheme Damaged status Not for loan Collection code Home library Current library Shelving location Date acquired Source of acquisition Total Checkouts Total Renewals Full call number Barcode Date last seen Date checked out Cost, replacement price Price effective from Koha item type
    Dewey Decimal Classification     Alahram Central Library Central Library Second Floor 04/05/2008 Purchase 2 1 940.1 ARA 000011250 15/07/2025 16/02/2009 88.30 04/05/2008 Book - Borrowing